| 000 | 01070cam a2200277 i 4500 | ||
|---|---|---|---|
| 001 | 20786273 | ||
| 003 | AUA.1 | ||
| 005 | 20251123080603.0 | ||
| 008 | 181218s2020 miu b 001 0 eng | ||
| 010 | _a 2018059471 | ||
| 020 |
_a9780801096884 _q(pbk.) |
||
| 035 | _a20786273 | ||
| 040 |
_aDLC _beng _cDLC _erda _dDLC |
||
| 042 | _apcc | ||
| 050 | 0 | 0 |
_aBT701.3 _b.F367 2020 |
| 082 | 0 | 0 |
_a233 _223 |
| 100 | 1 |
_aFarris, Joshua R., _eauthor. |
|
| 245 | 1 | 3 |
_aAn introduction to theological anthropology : _bhumans, both creaturely and divine / _cJoshua R. Farris. |
| 260 |
_aGrand Rapids, MI : _bBaker Academic; _cc2020. |
||
| 300 |
_axxiii, 339 pages ; _c23 cm. |
||
| 504 | _aIncludes bibliographical references (pages 291-315) and indexes. | ||
| 650 | 0 |
_aTheological anthropology _xChristianity. |
|
| 906 |
_a7 _bcbc _corignew _d1 _eecip _f20 _gy-gencatlg |
||
| 942 |
_2lcc _cBOOK _hBT 701.3 _i.F367 2020 |
||
| 999 |
_c25292 _d25292 |
||